Score 0/14 Timer 02:00
0 Plays Today
Hint Missing Word % Correct
Guess Who's _____ to DinnerComing
99.2%
On _____ PondGolden
93.1%
The Philadelphia _____Story
85.2%
_____ Up BabyBringing
82.3%
The _____ QueenAfrican
80.9%
The Lion in _____Winter
80%
_____ of the YearWoman
74%
Hint Missing Word % Correct
Adam's _____Rib
72.3%
Suddenly, _____ SummerLast
71.8%
_____ WomenLittle
70%
Pat and _____Mike
38.8%
Desk _____Set
32%
_____ DoorStage
20.3%
_____ AdamsAlice
12.7%

Today's Daily Dose

Missing Word
1950 Movies A-Z

Word Ladder
One Word Bands

Get the Picture
Jack or Jill

Come Together.
Have Fun.
All Virtual.
We all need to come together. Play Sporcle's virtual live trivia to have fun, connect with people, and get your trivia on. Join a live hosted trivia game for your favorite pub trivia experience done virtually. If a virtual private party is more your thing, go here for details.

You're not logged in!

Compare scores with friends on all Sporcle quizzes.
OR
Log In

Sporcle TV

Today on Sporcle TV


Watch our educational content, quiz creation guides, and fun videos on Sporcle TV.

Show Comments

Extras

Top Quizzes Today


Score Distribution

Paid Content

Your Account Isn't Verified!

In order to create a playlist on Sporcle, you need to verify the email address you used during registration. Go to your Sporcle Settings to finish the process.

Report this User

Report this user for behavior that violates our Community Guidelines.

Details: